| 000 | 00844nam a22002057a 4500 | ||
|---|---|---|---|
| 001 | EIF-III-1998-M2-005 | ||
| 003 | OSt | ||
| 005 | 20230109152339.0 | ||
| 008 | 221102b |||||||| |||| 00| 0 eng d | ||
| 040 |
_aFundación Jesús Pereda _cFundación Jesús Pereda |
||
| 041 | _aCastellano | ||
| 100 |
_uUniversidad de Cádiz _aCaro Cancela, Diego _9214 |
||
| 111 |
_994 _aEncuentro de Investigadores del Franquismo _c(Sevilla. _d1998. _n3º) |
||
| 245 |
_aEl gusano y la manzana. _bLa Patronal Andaluza en las primeras elecciones autonómicas de 1982 _c/Diego Caro Cancela |
||
| 650 | 0 |
_9176 _aElecciones |
|
| 651 | 0 |
_9207 _aAndalucía |
|
| 773 |
_tActas del III Encuentro de Investigadores del Franquismo _g142-149 p. |
||
| 856 | _uhttps://bibliotecaccoocyl.fundacionjesuspereda.es/cgi-bin/koha/opac-retrieve-file.pl?id=c0792a8fa0942b88d8a03d05f0697e6f | ||
| 942 |
_2ddc _cCF _n0 |
||
| 999 |
_c71 _d71 |
||